انشطة وتجارب : عملية مبتكرة الأثراء المنهاج المدرسي

Bibliographic Details
Main Author: شواهين، خير سليمان (Author)
Format: Book
Language:Arabic
Published: Irbid : Alam al-Kutub al-Hadith , 2013
Edition:الطبعة 1
Subjects:

MARC

LEADER 00000cam a2200000 7i4500
001 0000085513
005 20140219093000.0
008 130716s2013 jo ara
020 |a 9789957705831 
050 0 0 |a LB1570   |b .S53 2013 
090 0 0 |a LB1570   |b .S53 2013 
100 1 |a شواهين، خير سليمان ,   |e author 
241 1 0 |a Ansyitah wa-tajarub: 'ilmiyyah mubtakirah li-ithra' al-minhaj al-madrasi 
245 1 0 |a انشطة وتجارب :   |b عملية مبتكرة الأثراء المنهاج المدرسي   |c الدكتور خير سليمان شواهين 
250 |a الطبعة 1 
260 |a Irbid :   |b Alam al-Kutub al-Hadith ,   |c 2013 
300 |a 278 p. :   |b ill. ;   |c 24 cm. 
500 |a طبيقات تقنية للمفاهيم العلمية المنهجية، أنشطة علمية ابداعية باستخدام أجهزة الاتصالات، الالكترونيات المبسطة، المحقق الصغير 
650 0 |a Curriculum planning 
650 0 |a Education   |x Curriculum 
999 |a 1000159375   |b Book   |c OPEN SHELF (30 DAYS)   |e Gong Badak Campus